000 00770nam a2200229Ia 4500
003 GCL
008 140319s9999 xx 000 0 ara d
040 _aGCL /
_cGCL
082 0 4 _a692.45
_bع ا
100 1 _aعبدالغفار محمد احمد
245 1 0 _aادارة الازمة فى السودان : مداولاات ندوة برجن 23_24 فبراير 1989 م /
_cعبدالغفار محمد احمد
700 1 _aسوربو قونار
260 _a[S.N] :
_bدار جامعة الخرطوم للنشر ،
_c1989
300 _a303 ص
490 _a
650 0 4 _aالعصر الحديث
650 0 4 _aتاريخ
650 0 4 _aالاحوال السياسية
650 0 4 _aالسودان
650 0 4 _aالحرب الاهلية
942 _2ddc
_cBK
999 _c36918
_d36918